000 00674cam a22002171 4500
999 _c233446
_d233446
001 8439145
003 Nust
005 20170308095418.0
008 750716s1962 nyu 000 1 eng
010 _a 62015837
020 _a9780006157502
035 _a(OCoLC)1452427
040 _aDLC
_cFO
_dOCoLC
_dDLC
042 _apremarc
050 0 0 _aPZ4.M1626
_bSat
_aPR6063.A248
082 _a823.914
_bMAC
100 1 _aMacLean, Alistair,
_d1922-1987.
245 1 4 _aThe Satan bug
_cAlistair, MacLean
260 _aNew York,
_bScribner
_c1962
300 _a372 p.
_c22 cm.
650 _aBiological weapons
_xFiction
906 _a7
_bcbc
_coclcrpl
_du
_encip
_f19
_gy-gencatlg
942 _2ddc
_cBK